00494nam a22001697a 450000500170000001000130001702000270003003500130005703700100007008200100008010000260009024500870011626000360020327000380023930000270027750000200030420110929135913.0 aG-001637 c1395.00a97881833903091daG-001637 bGift  a279.3 aChittick, William C. E aThe sufi path of love:cby William C. Chittick bthe spiritual teachings of Rumi / aShrnagar bGulshan Books c2009 aResidency Road,bSrinagare190001 aviii, 433p. c24cm(Hb) aIncludes index